000 00611nam a2200217 4500
008 s1994 fr fre u
020 _a2218057662
020 _a9782218057663
040 _aLB-BrCRDP
082 1 _aC
_bGUI
100 1 _aGuion, Jeanine
245 1 0 _aRatus pique - nique
_cJeanine Guion
260 _aParis
_bHatier
_c1994
300 _a45 p.
_bcouv. couleur, ill. coul.
_c18 cm
490 1 _aRatus poche
500 _aLexique.
650 4 _aLittérature de la jeunesse
830 0 _aRatus poche
_pBons lecteurs
942 _cBK
999 _c2476
_d2476